000 00649nam a2200277Ia 4500
005 20260324135747.0
008 008 260324s9999 xx 000 0 eng d
020 _a9781315189192
037 _aEBOOK
040 _aCRL
040 _beng
040 _cCRL
041 _2eng
041 _aeng
084 _qCRL
100 _aDavid V. Canter; Laurence J. Alison
_91201805
245 0 _aProfiling Property Crimes
260 _bTaylor and Francis
260 _c2000
365 _a
365 _b205
856 _uhttp://www.taylorfrancis.com/books/9781315189192
942 _cEBOOK
999 _c1803221
_d1803221